Gebetsglaube und Gotteszweifel
Kaydedildi:
| Yazar: | |
|---|---|
| Materyal Türü: | Kitap |
| Dil: | Almanca |
| Baskı/Yayın Bilgisi: |
Münster
LIT
2001
|
| Edisyon: | 1a. ed |
| Seri Bilgileri: | Fundamentaltheologische Studien, 20
|
| Konular: | |
| Etiketler: |
Etiketle
Etiket eklenmemiş, İlk siz ekleyin!
|
MARC
| LEADER | 00000cam a2200000 a 4500 | ||
|---|---|---|---|
| 001 | UCE8112 | ||
| 003 | CL-VaPUC | ||
| 008 | 150728e20010000gw |||||||||||||||||ger|d | ||
| 020 | |a 3825853799 | ||
| 082 | 0 | 4 | |a 231 |b WER |2 21 |
| 100 | 0 | |a Werbick, Jurgen |e author |9 580840 | |
| 245 | 1 | 0 | |a Gebetsglaube und Gotteszweifel |
| 250 | |a 1a. ed | ||
| 300 | |a 287 p | ||
| 942 | |c BK | ||
| 945 | |d 20150728 02:04:00 |a dcastane | ||
| 260 | |a Münster |b LIT |c 2001 | ||
| 600 | 0 | |a Dios |9 314467 | |
| 650 | 0 | |a Creencias religiosas |9 373391 | |
| 583 | |a last modification |c 20150730 03:45:25 |k Rodrigo Vera | ||
| 490 | 0 | |a Fundamentaltheologische Studien, 20 | |
| 999 | |c 360062 |d 360060 | ||
| 952 | |0 0 |1 0 |3 erd |4 0 |6 231_000000000000000_WER_2001 |7 0 |8 A |9 469688 |a BIBTEO |b BIBTEO |e Casale Rolle, Carlos Ignacio, -2014 |i 5185076 |o 231 WER 2001 |p 5185076 |r 2025-01-17 |w 2019-11-23 |y BK |z Catalogado en:20150728 |k ICR | ||